Statystyki dla Nazwij pasujące państwo według rzeki

Kliknij tutaj aby rozwiązać quiz!

Ogólne statystyki

  • Ten quiz został rozwiązany 3 668 razy
  • Średni wynik to 12 z 17

Statystyki odpowiedzi

RzekaPaństwo% Poprawnych
OdraCzechy | Niemcy | Polska
99%
NigerBenin | Gwinea | Mali | Niger | Nigeria
98%
DunajAustria | Bułgaria | Chorwacja | Niemcy | Węgry | Mołdawia | Rumunia | Serbia | Słowacja | Ukraina
97%
AmazonkaBrazylia | Kolumbia | Peru
97%
Nil
* nie licząc Nilu Błękitnego
Uganda | Sudan Południowy | Sudan | Egipt
93%
MekongKambodża | Chiny | Laos | Mjanma | Tajlandia | Wietnam
92%
DnieprBiałoruś | Rosja | Ukraina
87%
RenAustria | Francja | Niemcy | Liechtenstein | Holandia | Szwajcaria
82%
ZambeziAngola | Botswana | Mozambik | Namibia | Zambia | Zimbabwe
67%
Rio GrandeMeksyk | Stany Zjednoczone
67%
BrahmaputraChiny | Indie | Bangladesz
60%
JukonKanada | Stany Zjednoczone
56%
AmurChiny | Rosja
53%
CisaWęgry | Rumunia | Serbia | Słowacja | Ukraina
38%
OranjeLesotho | Namibia | Republika Południowej Afryki
30%
Amu-dariaAfganistan | Tadżykistan | Turkmenistan | Uzbekistan
24%
WoltaBurkina Faso | Ghana | Wybrzeże Kości Słoniowej
20%

Rozkład punktacji

Percentyl według liczby udzielonych odpowiedzi

Procent ludzi z każdym wynikiem

Twoja historia wyników

Nie rozwiązałeś tego quizu